000 00516nam a2200205Ia 4500
005 20250506172942.0
008 008 250505s9999 xx 000 0 eng d
020 _a9788195991723
037 _aTB
040 _aILCL
_beng
_cILCL
041 _aeng
_2eng
082 _qILCL
100 _aNariman, Fali S
245 0 _aYou Must Know Your Constitution
260 _aNew Delhi
_bHay House Publishers
_c2024
300 _a516p.
365 _aINR
942 _cTB
_2Colon Classification
999 _c1312913
_d1312913